<?xml version="1.0" encoding="UTF-8"?>
<collection xmlns="http://www.loc.gov/MARC21/slim">
 <record>
  <leader>02128nam a22003017a 4500</leader>
  <controlfield tag="001">NCT_4_012774</controlfield>
  <controlfield tag="008">240914b        xxu||||| |||| 00| 0 vie d</controlfield>
  <datafield tag="999" ind1=" " ind2=" ">
   <subfield code="c">8602</subfield>
   <subfield code="d">8602</subfield>
  </datafield>
  <datafield tag="020" ind1=" " ind2=" ">
   <subfield code="a">978604664785</subfield>
   <subfield code="c">300000</subfield>
  </datafield>
  <datafield tag="082" ind1="0" ind2="4">
   <subfield code="2">23rd ed.</subfield>
   <subfield code="a">616.10231</subfield>
   <subfield code="b">H455</subfield>
  </datafield>
  <datafield tag="100" ind1="1" ind2=" ">
   <subfield code="a">Huỳnh Thụy Phương Hồng</subfield>
   <subfield code="e">Chủ biên</subfield>
  </datafield>
  <datafield tag="245" ind1="1" ind2="0">
   <subfield code="a">Chăm sóc sức khỏe người lớn bệnh lý tim mạch</subfield>
   <subfield code="b">: Giáo trình giảng dạy đại học</subfield>
   <subfield code="c">Huỳnh Thụy Phương Hồng</subfield>
  </datafield>
  <datafield tag="260" ind1=" " ind2=" ">
   <subfield code="a">H.</subfield>
   <subfield code="b">Y học</subfield>
   <subfield code="c">2021</subfield>
  </datafield>
  <datafield tag="300" ind1=" " ind2=" ">
   <subfield code="a">171 tr.</subfield>
   <subfield code="b">Minh họa</subfield>
   <subfield code="c">27cm</subfield>
  </datafield>
  <datafield tag="500" ind1=" " ind2=" ">
   <subfield code="a">ĐTTS ghi: Đại học Y dược Thành phố Hồ Chí Minh - Bộ môn Điều dưỡng</subfield>
  </datafield>
  <datafield tag="520" ind1="3" ind2=" ">
   <subfield code="a">Giáo trình &quot;Chăm sóc sức khỏe người lớn bệnh lý tim mạch&quot; được biên soạn nhằm hỗ trợ sinh viên cử nhân điều dưỡng tiếp cận thông tin cập nhật về chủ đề lâm sàng liên quan đến chăm sóc người có bệnh lý tim mạch.</subfield>
  </datafield>
  <datafield tag="653" ind1=" " ind2=" ">
   <subfield code="a">Điều dưỡng</subfield>
  </datafield>
  <datafield tag="700" ind1=" " ind2=" ">
   <subfield code="a">Trần Thụy Khánh Linh</subfield>
   <subfield code="e">Đồng chủ biên</subfield>
  </datafield>
  <datafield tag="700" ind1=" " ind2=" ">
   <subfield code="a">Lê Minh Khôi</subfield>
   <subfield code="e">Biên soạn</subfield>
  </datafield>
  <datafield tag="700" ind1=" " ind2=" ">
   <subfield code="a">Lâm Lệ Trinh</subfield>
   <subfield code="e">Biên soạn</subfield>
  </datafield>
  <datafield tag="700" ind1=" " ind2=" ">
   <subfield code="a">Lê Thị Minh Tâm</subfield>
   <subfield code="e">Biên soạn</subfield>
  </datafield>
  <datafield tag="942" ind1=" " ind2=" ">
   <subfield code="2">ddc</subfield>
   <subfield code="c">BK</subfield>
  </datafield>
  <datafield tag="952" ind1=" " ind2=" ">
   <subfield code="0">0</subfield>
   <subfield code="1">0</subfield>
   <subfield code="2">ddc</subfield>
   <subfield code="4">0</subfield>
   <subfield code="6">616_102310000000000_H455</subfield>
   <subfield code="7">0</subfield>
   <subfield code="9">29466</subfield>
   <subfield code="a">000001</subfield>
   <subfield code="b">000001</subfield>
   <subfield code="d">2024-09-14</subfield>
   <subfield code="o">616.10231 H455</subfield>
   <subfield code="p">MD.22720</subfield>
   <subfield code="r">2024-09-14</subfield>
   <subfield code="w">2024-09-14</subfield>
   <subfield code="y">BK</subfield>
  </datafield>
  <datafield tag="952" ind1=" " ind2=" ">
   <subfield code="0">0</subfield>
   <subfield code="1">0</subfield>
   <subfield code="2">ddc</subfield>
   <subfield code="4">0</subfield>
   <subfield code="6">616_102310000000000_H455</subfield>
   <subfield code="7">0</subfield>
   <subfield code="9">29467</subfield>
   <subfield code="a">000001</subfield>
   <subfield code="b">000001</subfield>
   <subfield code="d">2024-09-14</subfield>
   <subfield code="o">616.10231 H455</subfield>
   <subfield code="p">MD.22721</subfield>
   <subfield code="r">2024-09-14</subfield>
   <subfield code="w">2024-09-14</subfield>
   <subfield code="y">BK</subfield>
  </datafield>
  <datafield tag="952" ind1=" " ind2=" ">
   <subfield code="0">0</subfield>
   <subfield code="1">0</subfield>
   <subfield code="2">ddc</subfield>
   <subfield code="4">0</subfield>
   <subfield code="6">616_102310000000000_H455</subfield>
   <subfield code="7">0</subfield>
   <subfield code="9">29468</subfield>
   <subfield code="a">000001</subfield>
   <subfield code="b">000001</subfield>
   <subfield code="d">2024-09-14</subfield>
   <subfield code="l">3</subfield>
   <subfield code="m">1</subfield>
   <subfield code="o">616.10231 H455</subfield>
   <subfield code="p">MD.22722</subfield>
   <subfield code="q">2025-03-27</subfield>
   <subfield code="r">2025-02-25</subfield>
   <subfield code="s">2025-02-25</subfield>
   <subfield code="w">2024-09-14</subfield>
   <subfield code="y">BK</subfield>
  </datafield>
  <datafield tag="952" ind1=" " ind2=" ">
   <subfield code="0">0</subfield>
   <subfield code="1">0</subfield>
   <subfield code="2">ddc</subfield>
   <subfield code="4">0</subfield>
   <subfield code="6">616_102310000000000_H455</subfield>
   <subfield code="7">0</subfield>
   <subfield code="9">29469</subfield>
   <subfield code="a">000001</subfield>
   <subfield code="b">000001</subfield>
   <subfield code="d">2024-09-14</subfield>
   <subfield code="o">616.10231 H455</subfield>
   <subfield code="p">MD.22723</subfield>
   <subfield code="r">2024-09-14</subfield>
   <subfield code="w">2024-09-14</subfield>
   <subfield code="y">BK</subfield>
  </datafield>
  <datafield tag="952" ind1=" " ind2=" ">
   <subfield code="0">0</subfield>
   <subfield code="1">0</subfield>
   <subfield code="2">ddc</subfield>
   <subfield code="4">0</subfield>
   <subfield code="6">616_102310000000000_H455</subfield>
   <subfield code="7">0</subfield>
   <subfield code="9">29470</subfield>
   <subfield code="a">000001</subfield>
   <subfield code="b">000001</subfield>
   <subfield code="d">2024-09-14</subfield>
   <subfield code="o">616.10231 H455</subfield>
   <subfield code="p">MD.22724</subfield>
   <subfield code="r">2024-09-14</subfield>
   <subfield code="w">2024-09-14</subfield>
   <subfield code="y">BK</subfield>
  </datafield>
  <datafield tag="980" ind1=" " ind2=" ">
   <subfield code="a">Thư viện Trường Đại học Nam Cần Thơ</subfield>
  </datafield>
 </record>
</collection>
